Ženy v ekonomii - I. Adelmanová a B.M. Wardová
Ženy, ktoré spojuje záujem o rozpory procesov hospodárskeho rozvoja a problémy rozvojových krajín - Irma Adelmanová a Barbara Mary Wardová.
Enregistré dans:
| Auteur principal: | |
|---|---|
| Format: | Chapitre de livre |
| Langue: | tchèque |
| Sujets: | |
| Tags: |
Pas de tags, Soyez le premier à ajouter un tag!
|
MARC
| LEADER | 00000naa a2200000 4500 | ||
|---|---|---|---|
| 001 | 0165736 | ||
| 005 | 20231116110341.2 | ||
| 041 | 0 | |a cze | |
| 044 | |a CZ | ||
| 245 | 1 | 0 | |a Ženy v ekonomii - I. Adelmanová a B.M. Wardová |c Pavel Sirůček |
| 520 | |a Ženy, ktoré spojuje záujem o rozpory procesov hospodárskeho rozvoja a problémy rozvojových krajín - Irma Adelmanová a Barbara Mary Wardová. | ||
| 610 | 2 | 0 | |a veda ekonomická |
| 610 | 2 | 0 | |a ženy |
| 610 | 2 | 0 | |a krajiny rozvojové |
| 610 | 2 | 0 | |a rozvoj hospodársky |
| 610 | 2 | 0 | |a Adelman, I. |
| 610 | 2 | 0 | |a Ward, B.M. |
| 100 | 1 | |a Sirůček, Pavel | |